Landlocked Countries of the World - Statistics

General Stats
  • This quiz has been taken 909 times
    897 since last reset
  • The average score is 32 of 42
Answer Stats
Land-Locked Country % Correct
Paraguay
88%
Austria
87%
Chad
87%
Bolivia
86%
Mongolia
86%
Switzerland
86%
Nepal
84%
Slovakia
84%
Andorra
83%
Hungary
82%
Lesotho
82%
Bhutan
81%
Czech republic
81%
Luxembourg
81%
Mali
80%
Niger
80%
Rwanda
79%
San Marino
78%
Tajikistan
78%
Serbia
77%
South Sudan
77%
Burundi
76%
Liechtenstein
76%
Zambia
76%
Zimbabwe
76%
Kosovo
75%
Botswana
74%
Burkina faso
74%
Uganda
74%
Central African Rep.
73%
Kazakhstan
73%
Afghanistan
72%
Belarus
71%
Macedonia
71%
Malawi
71%
Moldova
70%
Kyrgyzstan
69%
Ethiopia
68%
Laos
68%
Vatican City
68%
Swaziland
67%
Armenia
62%
No matching quizzes found
Score Distribution
Percent of People with Each Score
Percentile by Number Answered
Your Score History
You have not taken this quiz since the last reset